मुआवजे (Record no. 185489)

MARC details
000 -LEADER
fixed length control field 00354nam a2200145Ia 4500
008 - FIXED-LENGTH DATA ELEMENTS--GENERAL INFORMATION
fixed length control field 090124s9999 xx 000 0 und d
082 ## - DEWEY DECIMAL CLASSIFICATION NUMBER
Item number 203908
245 ## - TITLE STATEMENT
Title मुआवजे
250 ## - EDITION STATEMENT
Edition statement 1
260 ## - PUBLICATION, DISTRIBUTION, ETC. (IMPRINT)
Name of publisher, distributor, etc सहानी भीष्म
Date of publication, distribution, etc 1993
300 ## - PHYSICAL DESCRIPTION
Extent 106
630 ## - SUBJECT ADDED ENTRY--UNIFORM TITLE
Uniform title मुआवजे
730 ## - ADDED ENTRY--UNIFORM TITLE
Uniform title मुआवजे
942 ## - ADDED ENTRY ELEMENTS (KOHA)
Koha item type Book
Holdings
Withdrawn status Lost status Damaged status Not for loan Home library Current library Date acquired Cost, normal purchase price Total Checkouts Full call number Barcode Date last seen Cost, replacement price Price effective from Koha item type
        Marathi Granth Sangrahalaya,Thane Marathi Granth Sangrahalaya,Thane   60.00   203908 THNMGS-203908 01/24/2009 60.00 01/24/2009 Book